|
|
|
|
| LEADER |
00000nab a2200000 a 4500 |
| 001 |
vtls000634403 |
| 003 |
SK-MaSNL |
| 005 |
20260302185529.0 |
| 008 |
140402c1997 xo 0 slo |
| 015 |
|
|
|a SNBRB19rr/mm-uuuuu
|
| 035 |
|
|
|a CL0634542
|
| 040 |
|
|
|a SNKBUCL
|b slo
|c SNKBUCL
|e AACR2
|
| 041 |
0 |
|
|a slo
|
| 044 |
|
|
|a xo
|c SK
|
| 080 |
|
|
|a 943.76-051"1907/1945"
|2 1981
|
| 080 |
|
|
|a 355.292.5
|2 1981
|
| 080 |
|
|
|a 929 Exnár, Ladislav
|2 1981
|
| 100 |
1 |
|
|a Šmihula, Vladislav
|4 aut
|9 899993
|
| 245 |
1 |
0 |
|a Prvý partizánsky veliteľ
|b K 90. výročiu narodenia Ladislava Exnára
|c Vladislav Šmihula
|
| 300 |
|
|
|b Fotogr. 1
|
| 600 |
1 |
7 |
|a Exnár, Ladislav,
|d 1907-1945
|2 snkbucl
|9 199743
|
| 650 |
0 |
7 |
|a Exnár, Ladislav,
|d 1907-1945
|2 snkbucl
|9 902268
|
| 655 |
|
7 |
|a články z novín a časopisov
|2 snkbucl
|9 267496
|
| 773 |
0 |
|
|t Bojovník
|g Roč. 42, č. 13 (1997), s. 6-7
|x 0323-2018
|
| 850 |
|
|
|a Slovenská národná knižnica v Martine
|a MTA001
|
| 852 |
|
|
|a SNK
|b KIS3GCP
|
| 958 |
|
|
|a OS
|
| 958 |
|
|
|a SK
|
| 958 |
|
|
|a BX
|
| 958 |
|
|
|a RK
|
| 992 |
|
|
|a RBX
|
| 999 |
|
|
|c 1429913
|d 1431843
|